The southern country editor.

Bibliographic Details
Main Author: Clark, Thomas Dionysius, 1903-2005
Format: Book
Language:English
Published: Indianapolis : Bobbs-Merrill Co., [1948]
Edition:[1st ed.].
Subjects:

MARC

Tag First Indicator Second Indicator Subfields
LEADER 00000cam a2200000 4500
001 in00000058727
005 20151008050453.0
008 721227s1948 inu b 00000 eng u
010 |a  48008524  
035 |a (OCoLC)00525858 
035 |9 AAG1226AM 
040 |c MAL  |d TXA  |d UtOrBLW 
049 |a TXAM  |c 1 [A00502423], 2 [A12990967] 
050 0 |a PN4893  |b .C5 
100 1 |a Clark, Thomas Dionysius,  |d 1903-2005. 
245 1 4 |a The southern country editor. 
250 |a [1st ed.]. 
264 1 |a Indianapolis :  |b Bobbs-Merrill Co.,  |c [1948] 
300 |a 365 pages :  |b facsimiles ;  |c 23 cm. 
336 |a text  |b txt  |2 rdacontent 
337 |a unmediated  |b n  |2 rdamedia 
338 |a volume  |b nc  |2 rdacarrier 
504 |a Bibliography: pages 339-346. 
650 0 |a American newspapers  |z Southern States. 
999 |a MARS 
999 f f |s eb364216-4993-33ff-a87f-82bedba9f489  |i 956e9dfb-d4d0-35bb-ae5f-23c5ed187dd7  |t 0 
952 f f |p ric  |a Texas A&M University  |b Rellis Campus  |c Joint Library Facility  |s JLF  |d Remote Storage  |t 0  |e PN4893 .C5  |h Library of Congress classification  |i unmediated -- volume  |m A14800502423 
998 f f |a PN4893 .C5  |t 0  |l Remote Storage